Surveying: (Record no. 553947)
[ view plain ]
| 000 -LEADER | |
|---|---|
| fixed length control field | 00467cam a2200157 4500 |
| 082 00 - DEWEY DECIMAL CLASSIFICATION NUMBER | |
| Classification number | 526.9 |
| Author Mark | PUN |
| 100 1# - MAIN ENTRY--PERSONAL NAME | |
| Personal name | Punmia |
| 9 (RLIN) | 42568 |
| 245 10 - TITLE STATEMENT | |
| Title | Surveying: |
| Remainder of title | Vol.1 |
| Statement of responsibility, etc. | Dr. B. C. Punmia |
| 250 ## - EDITION STATEMENT | |
| Edition statement | 17th ed. |
| 260 ## - PUBLICATION, DISTRIBUTION, ETC. | |
| Place of publication, distribution, etc. | New Delhi, |
| Name of publisher, distributor, etc. | Laxmi Publications., |
| Date of publication, distribution, etc. | 2016. |
| 300 ## - PHYSICAL DESCRIPTION | |
| Extent | XVI. 366 p. |
| Other physical details | illus. |
| Dimensions | 15 cm. |
| 526 ## - STUDY PROGRAM INFORMATION NOTE | |
| Program name | 0 |
| Interest level | 0 |
| Reading level | 0 |
| Title point value | 526_900000000000000_PUN |
| 650 #0 - SUBJECT ADDED ENTRY--TOPICAL TERM | |
| Topical term or geographic name entry element | Surveying |
| General subdivision | Instruments. |
| 9 (RLIN) | 51190 |
| 700 ## - ADDED ENTRY--PERSONAL NAME | |
| Personal name | Ashok Kumar Jain , A. K. Jain |
| 9 (RLIN) | 51191 |
| 942 ## - ADDED ENTRY ELEMENTS (KOHA) | |
| Source of classification or shelving scheme | |
| Koha item type | Book |
| Withdrawn status | Lost status | Source of classification or shelving scheme | Damaged status | Not for loan | Permanent Location | Current Location | Date acquired | Total Checkouts | Full call number | Barcode | Date last seen | Price effective from | Koha item type |
|---|---|---|---|---|---|---|---|---|---|---|---|---|---|
| Military College of Engineering (MCE) | Military College of Engineering (MCE) | 07/21/2017 | 526.9 PUN | MCE-50541 | 07/21/2017 | 07/21/2017 | Book |
